00840nam a2200217 a 450000100100000000500170001000800410002702000200006804000250008810000340011324000440014724500760019126000490026730000420031649000460035870000340040483000530043804900090049195201050050099900170060500003448920200930073728.0111005s2006 ko 000 0 spa d a897300698304810 aDO-SdBNPbspacBNPHU1 aKim, Tʻae-jun,d1939-95993210aHanʾguk ûi yôhaeng munhaklEnglish10aKorean travel literature /cKim Tae Joon ; translated by Lee Kyong-hee. aKorea :bEwha Woman University Press,c2006. a157 p. :bil., map., retrs. ;c19 cm.1 aThe Spirit of Korean cultural roots ;v1612aLee, Kyong-hee,d1947-959933 0aThe Spirit of Korean cultural roots ;v16959934 aBNPD 001050718MOaGRbGRcCTd2011-10-05iLF1l0o p34489-10r2020-06-25w2020-06-25y1ZNo se presta c33980d33980